NBA Hall of Famers Without a Championship - Statistics

General Stats
  • This quiz has been taken 657 times
    91 since last reset
  • The average score is 17 of 59
Answer Stats
Year Player % Correct
2010 Karl Malone
84%
2006 Charles Barkley
76%
2016 Allen Iverson
75%
2009 John Stockton
71%
2025 Carmelo Anthony
62%
2008 Patrick Ewing
55%
2018 Steve Nash
55%
2006 Dominique Wilkins
52%
1977 Elgin Baylor
52%
1989 Lenny Wilkens
52%
2017 Tracy McGrady
49%
2024 Vince Carter
49%
2012 Reggie Miller
48%
1996 George Gervin
45%
1997 Alex English
42%
2021 Chris Webber
42%
2010 Gus Johnson
42%
2013 Bernard King
41%
2015 Dikembe Mutombo
40%
1987 Pete Maravich
39%
2022 Tim Hardaway
38%
2008 Adrian Dantley
35%
2011 Artis Gilmore
35%
2011 Chris Mullin
34%
2016 Yao Ming
34%
1992 Bob Lanier
33%
1990 Dave Bing
33%
2019 Sidney Moncrief
33%
2018 Grant Hill
32%
1996 David Thompson
29%
1985 Nate Thurmond
29%
2024 Walter Davis
26%
1993 Dan Issel
21%
1993 Walt Bellamy
21%
2012 Ralph Sampson
20%
2019 Vlade Divac
19%
1992 Connie Hawkins
18%
2011 Arvydas Sabonis
16%
2002 Dražen Petrović
16%
1983 Jack Twyman
14%
1993 Calvin Murphy
13%
1996 George Yardley
13%
2017 George McGinnis
12%
2022 Lou Hudson
11%
2019 Chuck Cooper
8%
2013 Richie Guerin
7%
2012 Mel Daniels
6%
2014 Guy Rodgers
5%
2004 Maurice Stokes
5%
1993 Dick McGuire
2%
2018 Dino Rađa
2%
1991 Harry Gallatin
1%
2016 Zelmo Beaty
1%
1985 Al Cervi
0%
1987 Bob Houbregs
0%
2012 Don Barksdale
0%
2015 Louie Dampier
0%
2014 Nathaniel Clifton
0%
2014 Šarūnas Marčiulionis
0%
No matching quizzes found
Score Distribution
Percent of People with Each Score
Percentile by Number Answered
Your Score History
You have not taken this quiz since the last reset